00572nam a2200181Ia 4500999001500000020001800015082001600033245008100049260002800130300001000158504003600168650001200204650001600216650001800232700001600250942000700266952011700273 c3400d3400 a1-84277-033-0 a303.64 FUT- 0aFuture of revolutions: rethinking radical change in the age of globalisation aLondonbZed Booksc2003 a346p. aIncludes bibliography and index aRealism aRevolutions aGlobalization aForan, John cBK 00104070aNASSDOCbNASSDOCd2004-09-09i2004-10-05l0o303.64 FUT-p39457r2019-04-18 00:00:00w2019-04-18yBK